Statistiques concernant Personnage de LGDC

Cliquez ici pour prendre le quiz!

Statistiques générales

  • Ce quiz a été pris 209 fois
  • Le résultat moyen est 9 sur 12

Statistiques - réponses

IndiceRéponse% Correct
Personnage principal du cycle 1 (nom de guerrier)Coeur de Feu
99%
Meilleur ami du personnage d'avant (nom de guerrier)Plume Grise
98%
Chef du clan du tonnerre dans le tome 1 cycle 1Etoile Bleue
95%
Ennemi du premier personnage (nom de guerrier)Griffe de Tigre
95%
Fils du personnage au dessus (nom de guerrier)Griffe de Ronce
92%
Sœur de celui-ci (nom de guerrier)Pelage d'Or
88%
Frère de celle-ciPlume de Faucon
78%
Demi-soeur de celle-ciPapillon
77%
Compagne d'Etoile de FeuTempête de Sable
66%
Lieu où les chats reçoivent leurs vies dans le cycle 1Pierre de Lune
62%
Personne qui a tué Etoile du TigreFléaut
10%
Titre du 1er tome de LGDCRetour à la vie sauvage
5%

Distribution des résultats

Percentile par nombre de réponses

% des personnes avec chaque résultat

Votre développement - résultats

Vous n’avez pas pris ce quiz